00613nam a2200205Ia 4500008004100000020001800041050001400059100001700073245001400090245003100104245004500135260001500180260001600195260000900211300001600220300003500236300001000271999001900281952010700300170918s9999 xx 000 0 und d a9780439774949 bH252 2005 aHapka, Cathy aDreamer : binspired by a true story / cby Cathy Hapka ; written by John Gatins. aNew York : bScholastic, c2005 a150 pages : billustrations (some colored) ; c19cm. c344274d344274 001040aSSISMbSSISMd2017-09-18l0oGS FIC H252 2005pSSISM3346r2017-09-18 00:00:00w2017-09-18yBK